[Event "Hannover Bezirk-ch U16"]
[Site "Lehrte"]
[Date "2017.10.29"]
[Round "4.2"]
[White "Sauer, Joris"]
[Black "Philippi, Nick"]
[Result "1-0"]
[WhiteElo "1567"]
[BlackElo "1520"]
[PlyCount "55"]
[EventDate "2017.10.28"]
[EventType "swiss"]
[EventRounds "7"]
[EventCountry "GER"]
[SourceTitle "EXT 2022"]
[Source "ChessBase"]
[SourceDate "2021.10.06"]
[SourceVersion "1"]
[SourceVersionDate "2021.10.06"]
[SourceQuality "1"]

1. e4 e6 2. d4 d5 3. exd5 exd5 4. Bd3 Bd6 5. Ne2 Nf6 6. 0-0 0-0 7. Bf4 c6 8. h3 Re8 9. Nd2 Qc7 10. Bxd6 Qxd6 11. Ng3 Be6 12. Nf3 Nbd7 13. Re1 b6 14. Qd2 c5 15. dxc5 bxc5 16. Re3 Re7 17. Rae1 Rae8 18. Nh4 c4 19. Bxc4 d4 20. Rxe6 Rxe6 21. Bxe6 fxe6 22. Rd1 Qc5 23. Qxd4 Qxc2 24. Nf3 Rb8 25. Kf1 Rxb2 26. Ne1 Qc5 27. Qxb2 Qc4+ 28. Qe2 1-0

[Event "Hannover Bezirk-ch U16"]
[Site "Lehrte"]
[Date "2017.10.29"]
[Round "3.1"]
[White "Weigand, Anton"]
[Black "Sauer, Joris"]
[Result "1/2-1/2"]
[WhiteElo "1704"]
[BlackElo "1567"]
[PlyCount "171"]
[EventDate "2017.10.28"]
[EventType "swiss"]
[EventRounds "7"]
[EventCountry "GER"]
[SourceTitle "EXT 2022"]
[Source "ChessBase"]
[SourceDate "2021.10.06"]
[SourceVersion "1"]
[SourceVersionDate "2021.10.06"]
[SourceQuality "1"]

1. e4 Nf6 2. Nc3 d5 3. exd5 Nxd5 4. Bc4 Nxc3 5. Qf3 e6 6. dxc3 Nc6 7. Bf4 Bc5 8. Ne2 Bd6 9. 0-0-0 Qf6 10. Bxd6 Qxf3 11. gxf3 cxd6 12. Rxd6 Bd7 13. Rhd1 Rd8 14. Nd4 Nxd4 15. R1xd4 Ke7 16. Bd3 e5 17. R4d5 Bc6 18. Rxd8 Rxd8 19. Rxe5+ Kf6 20. Re3 Rd5 21. f4 Rh5 22. h3 Rh4 23. Kd2 Rxf4 24. Ke2 Rh4 25. Kf1 Bd7 26. Kg2 Be6 27. b3 h6 28. c4 b6 29. Be4 Rh5 30. Rd3 Ke7 31. c3 f6 32. Rg3 Kf8 33. Rd3 Ke7 34. Bd5 Bd7 35. Re3+ Kd6 36. Rg3 g5 37. Rf3 Ke5 38. Re3+ Kd6 39. Kh2 Rh4 40. Bg2 Be6 41. Rd3+ Ke7 42. Rd4 Rh5 43. Kg3 Bd7 44. b4 f5 45. f4 Be6 46. a4 Rh4 47. c5 bxc5 48. bxc5 Rxf4 49. Rxf4 gxf4+ 50. Kxf4 a5 51. Ke5 Bb3 52. Bc6 Bc2 53. h4 Bd3 54. Kd4 Bc2 55. Bb5 Kd8 56. Ke5 Kc7 57. Kf6 f4 58. Ke5 f3 59. Kf4 f2 60. Ke3 f1Q 61. Bxf1 Bxa4 62. Bc4 Kc6 63. Kd4 Bc2 64. Bd5+ Kc7 65. Kc4 a4 66. Kb4 Kd7 67. Bc4 Kc6 68. Bb5+ Kd5 69. Bxa4 Bxa4 70. Kxa4 Kxc5 71. Kb3 h5 72. c4 Kc6 73. Kc3 Kc5 74. Kd3 Kc6 75. Kd4 Kd6 76. c5+ Kc6 77. Kc4 Kc7 78. Kd5 Kd7 79. c6+ Kc7 80. Kc5 Kc8 81. Kd6 Kd8 82. Ke6 Kc7 83. Kf6 Kxc6 84. Kg6 Kd7 85. Kxh5 Ke7 86. Kg6 1/2-1/2

[Event "Hannover-ch U14"]
[Site "Lehrte"]
[Date "2016.10.03"]
[Round "5"]
[White "Hofmann, Justin"]
[Black "Sauer, Joris"]
[Result "0-1"]
[WhiteElo "1296"]
[BlackElo "1597"]
[PlyCount "85"]
[EventDate "2016.10.01"]
[EventType "swiss"]
[EventRounds "7"]
[EventCountry "GER"]
[SourceTitle "EXT 2020"]
[Source "ChessBase"]
[SourceDate "2019.10.17"]
[SourceVersion "1"]
[SourceVersionDate "2019.10.17"]
[SourceQuality "1"]

1. d4 d5 2. c4 e6 3. Nf3 Nf6 4. e3 b6 5. Nc3 Bb7 6. Be2 Be7 7. 0-0 0-0 8. a3 Nbd7 9. Bd2 Rc8 10. cxd5 Nxd5 11. Rc1 c5 12. Re1 Bf6 13. Nxd5 Bxd5 14. b4 cxd4 15. Nxd4 Bxd4 16. exd4 Qf6 17. Bb5 Qg6 18. f3 Nf6 19. Bf4 Rxc1 20. Bxc1 Rc8 21. Bd3 Qh5 22. Re5 Qh4 23. Bg5 Qxd4+ 24. Re3 Qb2 25. Re2 Qxa3 26. Qb1 h6 27. Rc2 Rxc2 28. Qxc2 Qxb4 29. Qc8+ Qf8 30. Qxf8+ Kxf8 31. Bf4 Nd7 32. Bb5 Ke7 33. Kf2 Nc5 34. Be3 Kd6 35. Ke2 a6 36. Bxc5+ Kxc5 37. Bxa6 Bc4+ 38. Bxc4 Kxc4 39. Kd2 Kb3 40. Kd3 b5 41. Kd2 b4 42. Kc1 Ka2 43. Kc2 0-1

[Event "Hannover-ch U12"]
[Site "Lehrte"]
[Date "2014.10.27"]
[Round "8"]
[White "Kobrin, Daniel"]
[Black "Sauer, Joris"]
[Result "1-0"]
[WhiteElo "982"]
[BlackElo "1193"]
[PlyCount "47"]
[EventDate "2014.10.25"]
[EventType "swiss"]
[EventRounds "11"]
[EventCountry "GER"]
[SourceTitle "EXT 2021"]
[Source "ChessBase"]
[SourceDate "2020.10.23"]
[SourceVersion "1"]
[SourceVersionDate "2020.10.23"]
[SourceQuality "1"]

1. e4 e5 2. Nf3 Nc6 3. d4 exd4 4. Nxd4 Bc5 5. Be3 Nxd4 6. Bxd4 Bxd4 7. Qxd4 d6 8. Nc3 Nf6 9. f3 0-0 10. 0-0-0 Re8 11. h4 a5 12. g4 b5 13. g5 Nd7 14. Nxb5 Nf8 15. f4 Bb7 16. Bd3 Ne6 17. Qe3 d5 18. f5 d4 19. Qf3 Nf8 20. f6 gxf6 21. gxf6 Qd7 22. Rde1 c5 23. Qg3+ Kh8 24. Qg7# 1-0

[Event "Hannover-ch U12"]
[Site "Lehrte"]
[Date "2014.10.25"]
[Round "2"]
[White "Chen, Jason"]
[Black "Sauer, Joris"]
[Result "0-1"]
[WhiteElo "966"]
[BlackElo "1193"]
[PlyCount "150"]
[EventDate "2014.10.25"]
[EventType "swiss"]
[EventRounds "11"]
[EventCountry "GER"]
[SourceTitle "EXT 2021"]
[Source "ChessBase"]
[SourceDate "2020.10.23"]
[SourceVersion "1"]
[SourceVersionDate "2020.10.23"]
[SourceQuality "1"]

1. d4 d5 2. c4 e6 3. Nc3 Nf6 4. Nf3 Bb4 5. Bd2 0-0 6. a3 Bxc3 7. Bxc3 Re8 8. Ne5 Nc6 9. Nxc6 bxc6 10. f3 Rb8 11. e4 h6 12. e5 Nh7 13. cxd5 exd5 14. Bd3 Qg5 15. 0-0 Bh3 16. Rf2 Bf5 17. Bd2 Qg6 18. Bxf5 Qxf5 19. g4 Qg6 20. f4 h5 21. Rg2 Qe4 22. gxh5 Rxb2 23. Qg4 g6 24. Re1 Rb1 25. Rxb1 Qxb1+ 26. Kf2 Qd3 27. Ke1 Nf6 28. Qg5 Ne4 29. Qg4 Nxd2 30. Rxd2 Qe3+ 31. Re2 Qc3+ 32. Kf1 Qd3 33. f5 Qxf5+ 34. Qxf5 gxf5 35. Rg2+ Kh8 36. h6 c5 37. dxc5 Rxe5 38. Rg7 Re7 39. Rg5 Re5 40. Rg7 Re7 41. Rg5 Re5 42. Rg7 d4 43. Rxf7 Rxc5 44. Rf8+ Kh7 45. h4 Re5 46. Rf6 d3 47. Rf7+ Kxh6 48. Rd7 Re3 49. Kf2 f4 50. Rd8 c5 51. Rd6+ Kh5 52. Rd5+ Kxh4 53. Rxc5 Kg4 54. Rd5 Rh3 55. Rd4 Rh2+ 56. Kg1 Rh3 57. Kg2 Rg3+ 58. Kf2 Rh3 59. Kg2 Re3 60. Kf2 Kf5 61. Rd5+ Ke4 62. Rd7 Re2+ 63. Kf1 Ke3 64. Re7+ Kd2 65. a4 Rxe7 66. a5 Re1+ 67. Kf2 Ra1 68. a6 Rxa6 69. Kf3 Ke1 70. Kxf4 d2 71. Ke3 d1Q 72. Kf4 Rf6+ 73. Ke5 Qd6+ 74. Ke4 Rf4+ 75. Ke3 Qd4# 0-1

[Event "GER-chT North U12"]
[Site "Magdeburg"]
[Date "2014.09.12"]
[Round "4.3"]
[White "Sauer, Joris"]
[Black "Breitzmann, Sander"]
[Result "0-1"]
[WhiteElo "1211"]
[BlackElo "1329"]
[PlyCount "80"]
[EventDate "2014.09.11"]
[EventType "team-swiss"]
[EventRounds "7"]
[EventCountry "GER"]
[SourceTitle "EXT 2016"]
[Source "ChessBase"]
[SourceDate "2015.10.08"]
[SourceVersion "1"]
[SourceVersionDate "2015.10.08"]
[SourceQuality "1"]
[WhiteTeam "Bemerode"]
[BlackTeam "Berlin Empor"]
[WhiteTeamCountry "GER"]
[BlackTeamCountry "GER"]

1. e4 e5 2. Bc4 Bc5 3. Nc3 Nc6 4. Nf3 Nf6 5. d3 d6 6. h3 Be6 7. Bb3 Qd7 8. Qe2 Bb6 9. Be3 0-0 10. Bg5 Qe7 11. 0-0 h6 12. Bh4 Rad8 13. Rad1 Nd4 14. Nxd4 Bxd4 15. Nb5 Bb6 16. Nc3 c6 17. Qf3 g5 18. Bg3 Bxb3 19. axb3 Bc7 20. h4 g4 21. Qf5 Qe6 22. Qxe6 fxe6 23. Ne2 d5 24. f4 Nh5 25. f5 exf5 26. Bh2 f4 27. Kh1 dxe4 28. dxe4 Nf6 29. Nc3 Bb6 30. Bg1 Bxg1 31. Rxg1 g3 32. Rge1 Ng4 33. Kg1 Kg7 34. Re2 Rxd1+ 35. Nxd1 Rd8 36. Nc3 Kg6 37. Re1 Ne3 38. Ra1 a6 39. Ra5 Ng4 40. Kf1 Rd2 0-1

[Event "Hannover-ch U12"]
[Site "Lehrte"]
[Date "2013.10.19"]
[Round "9"]
[White "Sauer, Joris"]
[Black "Kibenko, Dimitrij"]
[Result "0-1"]
[WhiteElo "1150"]
[BlackElo "1097"]
[PlyCount "114"]
[EventDate "2013.10.17"]
[EventType "swiss"]
[EventRounds "11"]
[EventCountry "GER"]
[SourceTitle "EXT 2021"]
[Source "ChessBase"]
[SourceDate "2020.10.23"]
[SourceVersion "1"]
[SourceVersionDate "2020.10.23"]
[SourceQuality "1"]

1. e4 c5 2. Bc4 d6 3. Nc3 Nc6 4. Nf3 g6 5. h3 Bg7 6. d3 Nf6 7. 0-0 0-0 8. Be3 Bd7 9. Qd2 a6 10. Bh6 b5 11. Bb3 Nd4 12. Nh2 a5 13. Bxg7 Kxg7 14. a3 b4 15. Nd5 Be6 16. Rfe1 Nxb3 17. cxb3 Nxd5 18. exd5 Bxd5 19. Ng4 Be6 20. Qh6+ Kg8 21. Nh2 Bxb3 22. Re2 Qd7 23. Nf3 f6 24. Rae1 e5 25. Re3 Bd5 26. Nh4 Qg7 27. Qxg7+ Kxg7 28. Rg3 Be6 29. a4 f5 30. Rg5 f4 31. Kh2 Rf6 32. g3 h6 33. Rxg6+ Rxg6 34. Nxg6 Kxg6 35. gxf4 Kf6 36. fxe5+ dxe5 37. Kg3 Kf5 38. Rf1 Bd5 39. f4 Rg8+ 40. Kf2 Rg2+ 41. Ke3 Rg3+ 42. Ke2 exf4 43. Ke1 Rxd3 44. Ke2 Bc4 45. Kf2 Rd2+ 46. Ke1 Bxf1 47. Kxd2 Bxh3 48. Kd3 Bf1+ 49. Kd2 Ba6 50. Ke1 f3 51. Kf2 Kf4 52. b3 Ke4 53. Ke1 Ke3 54. Kd1 f2 55. Kc2 f1Q 56. Kb2 Qe2+ 57. Ka1 h5 0-1

[Event "Hannover-ch U12"]
[Site "Lehrte"]
[Date "2013.10.18"]
[Round "5"]
[White "Kolisnychenko, Nikita"]
[Black "Sauer, Joris"]
[Result "1-0"]
[WhiteElo "1262"]
[BlackElo "1150"]
[PlyCount "105"]
[EventDate "2013.10.17"]
[EventType "swiss"]
[EventRounds "11"]
[EventCountry "GER"]
[SourceTitle "EXT 2021"]
[Source "ChessBase"]
[SourceDate "2020.10.23"]
[SourceVersion "1"]
[SourceVersionDate "2020.10.23"]
[SourceQuality "1"]

1. e4 e5 2. Nf3 Nc6 3. d4 exd4 4. Nxd4 Nf6 5. Nc3 Bc5 6. Be3 d6 7. Nxc6 bxc6 8. Bxc5 dxc5 9. Qxd8+ Kxd8 10. 0-0-0+ Bd7 11. e5 Ng4 12. Ne4 c4 13. Nc5 Nxe5 14. f4 Nd3+ 15. Bxd3 c3 16. Bf5 cxb2+ 17. Kb1 g6 18. Bxd7 Ke7 19. Rhe1+ Kf8 20. Bxc6 Rc8 21. Nb7 Kg7 22. Re7 a5 23. Rdd7 Rhf8 24. Nxa5 Rb8 25. Nb3 Rb6 26. Rxc7 Rbb8 27. Bd5 Kh8 28. Rxf7 Rxf7 29. Rxf7 Rd8 30. Bf3 Kg8 31. Rc7 Rf8 32. Nc5 Rxf4 33. Ne6 Rf6 34. Bd5 Rf1+ 35. Kxb2 Rf2 36. Ng5+ Kf8 37. Rf7+ Rxf7 38. Nxf7 Ke7 39. a4 Kd7 40. a5 Kc7 41. Nd8 Kb8 42. Kb3 h5 43. Kb4 h4 44. h3 g5 45. Kb5 g4 46. hxg4 h3 47. gxh3 Ka7 48. g5 Kb8 49. g6 Ka7 50. g7 Kb8 51. g8Q Ka7 52. Qf7+ Kb8 53. Qb7# 1-0

[Event "Hannover-ch U12"]
[Site "Lehrte"]
[Date "2013.10.17"]
[Round "1"]
[White "Sauer, Joris"]
[Black "Meyer, Kevin"]
[Result "1-0"]
[WhiteElo "1150"]
[BlackElo "727"]
[PlyCount "41"]
[EventDate "2013.10.17"]
[EventType "swiss"]
[EventRounds "11"]
[EventCountry "GER"]
[SourceTitle "EXT 2021"]
[Source "ChessBase"]
[SourceDate "2020.10.23"]
[SourceVersion "1"]
[SourceVersionDate "2020.10.23"]
[SourceQuality "1"]

1. e4 e5 2. Bc4 Nf6 3. Nc3 Bc5 4. d3 0-0 5. Bg5 h6 6. Bh4 d6 7. h3 Nc6 8. Nd5 Be6 9. Nxf6+ gxf6 10. Bxe6 fxe6 11. c3 d5 12. Qg4+ Kf7 13. b4 Rg8 14. Qh5+ Ke7 15. bxc5 d4 16. Qxh6 Rf8 17. Nf3 dxc3 18. Rc1 Nd4 19. Nxe5 Ke8 20. Qh5+ Rf7 21. Qxf7# 1-0